| 000 | 00544nam a2200181Ia 4500 | ||
|---|---|---|---|
| 008 | 190805s9999||||xx |||||||||||||| ||und|| | ||
| 020 |
_aLATA000001 _cRs. 500.00 |
||
| 082 | 0 | 4 |
_a623.893 _bB4695 |
| 100 | 1 | _aBhatia, A. G. | |
| 245 | 1 | 0 |
_aModern Electronic Navigation aids / _cA. G. Bhatia and S. K. Sinha |
| 250 | _a12th rev. ed. | ||
| 260 |
_aMumbai : _bLata Publications, _c[2003] |
||
| 300 |
_a182 p. _b : ill., maps _c; 28 cm. |
||
| 650 | 0 | _aElectronics in navigation | |
| 700 | 1 | _aSinha, S. K. | |
| 942 | _cBK | ||
| 999 |
_c245 _d245 |
||